00314nam a2200121Ia 45000030006000000080041000060400015000471000010000622450082000722600009001545460012001630050017001750STCL150530s9999 xx 000 0 und d aSTCLcSTCL aDavis aSeven day system for gaining self confidence popularity and financial success c1955 aEnglish20220125171403.0